THE LEAN HEALTHCARE HANDBOOK, 2 ED. A COMPLETE GUIDE TO CREATING HEALTHCARE WORKPLACES (Record no. 8377)

MARC details
000 -LEADER
fixed length control field 00396nam a2200133Ia 4500
008 - FIXED-LENGTH DATA ELEMENTS--GENERAL INFORMATION
fixed length control field 260604s9999 xx 000 0 und d
020 ## - INTERNATIONAL STANDARD BOOK NUMBER
International Standard Book Number 9783030699000
082 ## - DEWEY DECIMAL CLASSIFICATION NUMBER
Classification number 658.3 PYZ
100 ## - MAIN ENTRY--PERSONAL NAME
Personal name PYZDEK [THOMAS]
9 (RLIN) 35555
245 #0 - TITLE STATEMENT
Title THE LEAN HEALTHCARE HANDBOOK, 2 ED. A COMPLETE GUIDE TO CREATING HEALTHCARE WORKPLACES
260 ## - PUBLICATION, DISTRIBUTION, ETC.
Name of publisher, distributor, etc. SPRINGER
500 ## - GENERAL NOTE
General note Handbook, Healthcare, Workplace
942 ## - ADDED ENTRY ELEMENTS (KOHA)
Koha item type Book
Holdings
Date last seen Total Checkouts Full call number Barcode Cost, replacement price Price effective from Koha item type Lost status Damaged status Not for loan Withdrawn status Home library Current library Shelving location Date acquired Cost, normal purchase price BOOK NO
06/04/2026   658.3 PYZ 003995 8735.27 06/04/2026 Book         Indian Institute of Management Visakhapatnam Indian Institute of Management Visakhapatnam   06/04/2026 8735.27 PYZ

Copyright © 2024 Indian Institute of Management Visakhapatnam
Koha v23.05